000 00667cam a2200265 4500
008 000000n1999 000 0 eng u
020 _a0721914411
035 _a(Sirsi) u102718
041 _aeng
050 _a347.41067
100 _aBond, Catherine
245 4 _aThe expert witness in court : a practical guide.
250 _a2nd ed.
260 _aCrayford, Kent
_bShaw & Sons Limited
_c1999
300 _axiv,207p. ; 21cm.
350 _a25.00
650 _aEXPERT WITNESSES
650 _aCOURT PROCEDURE
650 _aEVIDENCE
650 _aEXPERT REPORTS
690 _aLAW
700 _aSolon, Mark
700 _aHarper, Penny
942 _n0
999 _c100060
_d100060